Statistics for Famous Duos Quiz #2

Click here to take the quiz!

General Stats

  • This quiz has been taken 79,773 times
    (59,999 since last reset)
  • The average score is 14 of 24

Answer Stats

Duo % Correct
Barbie & {Ken}
98%
Hansel & {Gretel}
94%
{David} & Goliath
93%
{Lady} & the Tramp
90%
Jekyll & {Hyde}
89%
Starsky & {Hutch}
82%
Phineas & {Ferb}
69%
Cheech & {Chong}
62%
Mork & {Mindy}
60%
{Hall} & Oates
59%
{Ren} & Stimpy
59%
Lewis & {Clark}
59%
Penn & {Teller}
58%
{Samson} & Delilah
57%
Abbott & {Costello}
57%
{Rocky} & Bullwinkle
56%
Siegfried & {Roy}
52%
Gilbert & {Sullivan}
40%
{Regis} & Kathie Lee
35%
{Wayne} & Garth
34%
Siskel & {Ebert}
34%
{Gomez} & Morticia
31%
Rosencrantz & {Guildenstern}
25%
{Jeeves} & Wooster
22%

Score Distribution

Percentile by Number Answered

Percent of People with Each Score

Your Score History

You have not taken this quiz since the last reset